Partial differential equations in general relativity (Record no. 7323)

MARC details
000 -LEADER
fixed length control field 00539 a2200181 4500
001 - CONTROL NUMBER
control field 132990
003 - CONTROL NUMBER IDENTIFIER
control field OSt
005 - DATE AND TIME OF LATEST TRANSACTION
control field 20220331143719.0
008 - FIXED-LENGTH DATA ELEMENTS--GENERAL INFORMATION
fixed length control field
020 ## - INTERNATIONAL STANDARD BOOK NUMBER
International Standard Book Number 9780199215416
082 ## - DEWEY DECIMAL CLASSIFICATION NUMBER
Classification number 530.11
Item number R29P
100 1# - MAIN ENTRY--PERSONAL NAME
Personal name Rendall, Alan D
245 1# - TITLE STATEMENT
Title Partial differential equations in general relativity
Statement of responsibility, etc by Alan D Rendall
260 ## - PUBLICATION, DISTRIBUTION, ETC. (IMPRINT)
Place of publication, distribution, etc Oxford
Name of publisher, distributor, etc Oxford University Press
Date of publication, distribution, etc 2008
300 ## - PHYSICAL DESCRIPTION
Extent 279p.
690 ## - LOCAL SUBJECT ADDED ENTRY--TOPICAL TERM (OCLC, RLIN)
Topical term or geographic name as entry element Differential equations, Partial; General relativity (Physics)-Mathematics
942 ## - ADDED ENTRY ELEMENTS (KOHA)
Source of classification or shelving scheme Dewey Decimal Classification
Koha item type Books
Holdings
Withdrawn status Lost status Source of classification or shelving scheme Damaged status Not for loan Collection code Home library Current library Date acquired Source of acquisition Total Checkouts Full call number Barcode Date last seen Price effective from Koha item type
    Dewey Decimal Classification     General Text Book Central University Of Rajasthan Central University Of Rajasthan 25/07/2012 MTH   530.11 R29P 10567 21/11/2024 02/09/2020 Books